000 007770000a22001210004500
100 1 _aRojas Castillo, John Larry
245 1 0 _aLa comunidad de diálogo y la formación particular: notas a partir de l afilosofía política de Hegel
300 _ano.48 (ene. - feb., 2011), p. 36-39
520 _aEste texto desarrolla con base en la filosofía del derecho (1821) y algunos discursos de Hegel del periodo de Nüremberg, cómo la comunidad es base de la formación de la libertad particular de los individuos. Se mostrará cómo las normas, tradiciones y costumbres de una comunidad son raíces a partir de las cuales florece la particularidad de cada individuo.
650 1 4 _aEDUCACION HUMANISTICA
773 0 _tRevista internacional magisterio : educación y ped
942 _cANA
999 _c63295
_d63295